| 000 | 01057nam a22002177a 4500 | ||
|---|---|---|---|
| 003 | OSt | ||
| 005 | 20260317004647.0 | ||
| 008 | 260317b |||||||| |||| 00| 0 eng d | ||
| 020 | _a978-1-4169-8008-7 | ||
| 040 |
_aDWCL GS lib _cOC |
||
| 082 | _aR961d 2010 | ||
| 100 | _aRUSELL, RACHEL RENEE | ||
| 245 |
_aDork diaries book 2: tales from a not-so popular party girl _cRACHEL RENEE RUSELL |
||
| 260 |
_aNew York _bAladdin _c2010 |
||
| 300 |
_a279 + p _c 21 cm |
||
| 520 | _aNikki Maxwell deals with middle school drama, her crush Brandon, and nemesis MacKenzie Hollister. Believing Brandon is taking MacKenzie to the Halloween dance, Nikki commits to managing her sister's ballet party, only to juggle both events when she discovers MacKenzie lied. | ||
| 650 | _aNikki Maxwell navigates the trauma of middle school, her crush on Brandon, and a nemesis in mean girl MacKenzie Hollister. | ||
| 650 | _afocuses on honesty, the importance of true friendship, and finding the courage to be oneself. | ||
| 700 | _aRACHEL RENEE RUSELL | ||
| 942 |
_2ddc _cFIC. _n0 |
||
| 999 |
_c9181 _d9181 |
||